00636nam a2200181Ia 4500008004100000040001800041041000800059100001600067245008600083260006600169300006300235500003800298500002200336650002400358650003100382650001800413700002300431130821s1956 xxua gr eng  aCo-BoUCMbspa00aeng1 aNeter, John10aFundamental statistics for business and economicscJohn Neter y William Wasserman aBoston (Massachusetts, Estados Unidos)bAllyn and Baconc1956 a838 páginas ix, 638 páginasbilustraciones, gráficas aDonación Dr. Álvaro Daza Roa. aIncluye índice.04aAnálisis de datos04aEstadística matemática04aMatemáticas1 aWasserman, William